'B' Countries by Capital Quiz Stats

 Plays Quiz not verified by Sporcle

Challenge
Share
Tweet
Embed
Score 0/17 Timer 03:00
0 Plays Today
Capital Country % Correct
BrasiliaBrazil
100%
NassauBahamas
100%
MinskBelarus
99%
BrusselsBelgium
99%
La PazBolivia
99%
SarajevoBosnia and Herzegovina
98%
SofiaBulgaria
97%
BridgetownBarbados
94.1%
DhakaBangladesh
91.1%
Capital Country % Correct
ThimphuBhutan
91.1%
Bandar Seri BegawanBrunei
91.1%
OuagadougouBurkina Faso
90.1%
ManamaBahrain
88.9%
BelmopanBelize
88.1%
GaboroneBotswana
88.1%
BujumburaBurundi
86.1%
Porto-NovoBenin
81.2%

You're not logged in!

Compare scores with friends on all Sporcle quizzes.
Join for Free
OR
Log In

You Might Also Like...

Show Comments

Extras

Top Quizzes Today


Score Distribution

Your Account Isn't Verified!

In order to create a playlist on Sporcle, you need to verify the email address you used during registration. Go to your Sporcle Settings to finish the process.

Report this User

Report this user for behavior that violates our Community Guidelines.

Details: